THE IMMEDIATE PROSPECT OF BEING HANGED (Record no. 373755)

MARC details
000 -LEADER
fixed length control field 00406nam a2200145Ia 4500
008 - FIXED-LENGTH DATA ELEMENTS--GENERAL INFORMATION
fixed length control field 100122s9999 xx 000 0 und d
082 ## - DEWEY DECIMAL CLASSIFICATION NUMBER
Item number 45564
Classification number 823
100 ## - MAIN ENTRY--PERSONAL NAME
Personal name WSLKER WALTAR
245 ## - TITLE STATEMENT
Title THE IMMEDIATE PROSPECT OF BEING HANGED
260 ## - PUBLICATION, DISTRIBUTION, ETC. (IMPRINT)
Name of publisher, distributor, etc ONYX BOOKS
Date of publication, distribution, etc 1990
300 ## - PHYSICAL DESCRIPTION
Extent 301
630 ## - SUBJECT ADDED ENTRY--UNIFORM TITLE
Uniform title THE IMMEDIATE PROSPECT OF BEING HANGED
730 ## - ADDED ENTRY--UNIFORM TITLE
Uniform title THE IMMEDIATE PROSPECT OF BEING HANGED
942 ## - ADDED ENTRY ELEMENTS (KOHA)
Koha item type Book
Holdings
Withdrawn status Lost status Damaged status Not for loan Home library Current library Date acquired Cost, normal purchase price Total Checkouts Full call number Barcode Date last seen Cost, replacement price Price effective from Koha item type Public note
        S.V. Pathak Library, Vile Parle S.V. Pathak Library, Vile Parle 08/06/1991 55.00   45564 SVPPARLE-45564 01/25/2010 55.00 01/25/2010 Book ", , General, NA"